[Event "IX Festival A"]
[Site "Nichelino ITA"]
[Date "2008.10.02"]
[Round "1"]
[White "Damia, Angelo"]
[Black "D'Amato, Piergiorgio"]
[Result "1-0"]
[WhiteElo "2221"]
[BlackElo "1925"]
[PlyCount "101"]
[EventDate "2008.10.02"]

1. e4 e6 2. d4 d5 3. Nc3 Nf6 4. e5 Nfd7 5. Qh5 g6 6. Qg4 c5 7. Nf3 cxd4 8. Nxd4
Nc6 9. Bb5 Qc7 10. O-O Nxd4 11. Qxd4 Bg7 12. Qb4 Bf8 13. Qf4 Bg7 14. Nxd5 exd5
15. e6 Qxf4 16. exd7+ Bxd7 17. Bxd7+ Kxd7 18. Bxf4 Rhe8 19. Rfd1 Kc6 20. c3
Rad8 21. Be3 b6 22. a4 a5 23. Rd3 Bf8 24. Rad1 Bc5 25. c4 d4 26. g3 Re4 27. Bg5
Rd6 28. b3 Rde6 29. Kf1 Re2 30. Be3 Rb2 31. Bc1 Rbe2 32. Bd2 R2e4 33. h4 h5 34.
Bh6 f6 35. R3d2 Re7 36. Bf4 R4e6 37. Rd3 Re8 38. Bc1 Re2 39. Be3 Rb2 40. Bxd4
Bxd4 41. Rxd4 Rxb3 42. Rd6+ Kc5 43. Rxf6 Kxc4 44. Rxg6 Re5 45. Rg5 Rxg5 46.
hxg5 Rf3 47. Rb1 Kc5 48. Kg2 Ra3 49. Rb5+ Kc6 50. g6 Rxa4 51. Rg5 1-0

[Event "IX Festival A"]
[Site "Nichelino ITA"]
[Date "2008.10.02"]
[Round "1"]
[White "Di Chiara, Mauro"]
[Black "Moncelli, Giorgio"]
[Result "1/2-1/2"]
[WhiteElo "1896"]
[BlackElo "2110"]
[PlyCount "45"]
[EventDate "2008.10.02"]

1. d4 d5 2. Nf3 Nf6 3. c4 e6 4. Nc3 Be7 5. cxd5 exd5 6. Bg5 Nbd7 7. e3 O-O 8.
Qc2 c6 9. Bd3 Re8 10. O-O-O Nf8 11. h4 Be6 12. Bxf6 Bxf6 13. Ng5 h6 14. Nxe6
Rxe6 15. Ne2 c5 16. dxc5 Qa5 17. Kb1 Rc6 18. Nd4 Rxc5 19. Qd2 Qxd2 20. Rxd2
Bxd4 21. exd4 Rc7 22. Be2 Ne6 23. Bf3 1/2-1/2

[Event "IX Festival A"]
[Site "Nichelino ITA"]
[Date "2008.10.02"]
[Round "1"]
[White "Fassio, Francesco"]
[Black "Martin, Tiziano"]
[Result "0-1"]
[WhiteElo "1702"]
[BlackElo "1973"]
[PlyCount "106"]
[EventDate "2008.10.02"]

1. c4 e5 2. Nc3 d6 3. g3 Nc6 4. Bg2 f5 5. d3 Nf6 6. Bg5 Be7 7. e3 O-O 8. Nge2
Be6 9. O-O h6 10. Bxf6 Bxf6 11. Nd5 Qd7 12. Nxf6+ Rxf6 13. Qd2 g5 14. b4 f4 15.
exf4 gxf4 16. gxf4 Bh3 17. Bd5+ Kh8 18. fxe5 Nxe5 19. f4 Bxf1 20. Rxf1 Nc6 21.
b5 Ne7 22. Bxb7 Rg8+ 23. Bg2 Nf5 24. Kh1 Qg7 25. Bd5 Re8 26. Rg1 Rg6 27. Be4
Rxg1+ 28. Nxg1 Rg8 29. Ne2 Qa1+ 30. Qc1 Qxc1+ 31. Nxc1 Nd4 32. Bg2 Rf8 33. a4
Rxf4 34. Kg1 Rf7 35. Na2 Kg7 36. Nb4 Kg6 37. Be4+ Kg5 38. Kg2 h5 39. Bd5 Re7
40. Be4 h4 41. Nd5 Rf7 42. h3 Ne2 43. Bf3 Nf4+ 44. Nxf4 Kxf4 45. Kf2 Rg7 46. d4
Rg3 47. Bg2 Ra3 48. c5 Rxa4 49. cxd6 cxd6 50. d5 Ra2+ 51. Kg1 Kg3 52. Bf1 Ra1
53. b6 axb6 0-1

[Event "IX Festival A"]
[Site "Nichelino ITA"]
[Date "2008.10.02"]
[Round "1"]
[White "Finocchiaro, Gianluca"]
[Black "Crepaldi, Manuele"]
[Result "1-0"]
[WhiteElo "2026"]
[BlackElo "1817"]
[PlyCount "39"]
[EventDate "2008.10.02"]

1. e4 g6 2. d4 Bg7 3. Nc3 c5 4. Nf3 cxd4 5. Nxd4 Nc6 6. Nxc6 bxc6 7. Bc4 d6 8.
O-O Nf6 9. e5 Ng8 10. Qf3 e6 11. Qxc6+ Bd7 12. Qxd6 Rc8 13. Bb3 Bf8 14. Qd3 Qa5
15. Bf4 Bc5 16. Rad1 Rd8 17. Ne4 Qc7 18. Bg5 Be7 19. Bxe7 Nxe7 20. Nf6+ 1-0

[Event "IX Festival A"]
[Site "Nichelino ITA"]
[Date "2008.10.02"]
[Round "1"]
[White "Giacomasso, Enrico"]
[Black "Paoli, Mario"]
[Result "1-0"]
[WhiteElo "1996"]
[BlackElo "1742"]
[PlyCount "137"]
[EventDate "2008.10.02"]

1. e4 c5 2. Nf3 Nc6 3. d4 cxd4 4. Nxd4 e6 5. Be2 Nf6 6. Nxc6 bxc6 7. Bf3 Ba6 8.
Qd4 Qb6 9. Qxb6 axb6 10. Be3 Rb8 11. Bf4 Rc8 12. Be3 e5 13. Bg5 Be7 14. Nd2 O-O
15. O-O-O h6 16. Bxf6 Bxf6 17. Nb3 Rfd8 18. Bg4 Rc7 19. Bf3 Bc4 20. Nd2 Be6 21.
Kb1 d5 22. Rhe1 d4 23. Be2 b5 24. g3 Be7 25. f4 f6 26. fxe5 fxe5 27. Nf3 Bf6
28. b3 Ra7 29. Kb2 Rda8 30. Ra1 Bg4 31. Nxd4 exd4 32. Bxg4 Be5 33. Be6+ Kh8 34.
b4 Ra3 35. Bb3 Bd6 36. Red1 Be5 37. Rd3 R3a7 38. Rf1 Re8 39. Rf5 Bf6 40. Rf4
Rae7 41. a4 bxa4 42. Bxa4 Rb7 43. Bxc6 Rxb4+ 44. Ka3 Rb6 45. Bxe8 Be7+ 46. Ka2
Ra6+ 47. Kb3 Ra8 48. Bb5 Rb8 49. Kc4 Bf6 50. Rxf6 gxf6 51. Rxd4 Kg7 52. Bd7 Rb7
53. Bf5 Rc7+ 54. Kd3 Rc5 55. Rd7+ Kf8 56. Rh7 Ra5 57. Rxh6 Ke7 58. h4 Ra3+ 59.
c3 Ra5 60. Rg6 Ra8 61. Rg7+ Kf8 62. Rd7 Ra1 63. Ke3 Re1+ 64. Kf4 Rf1+ 65. Kg4
Rc1 66. Rc7 Rh1 67. Kh5 Kg8 68. Kg6 Kf8 69. Kxf6 1-0

[Event "IX Festival A"]
[Site "Nichelino ITA"]
[Date "2008.10.02"]
[Round "1"]
[White "Guarneri, Giuseppe"]
[Black "Gallucci, Alessio"]
[Result "0-1"]
[WhiteElo "1907"]
[BlackElo "2197"]
[PlyCount "77"]
[EventDate "2008.10.02"]

1. e4 c5 2. Nc3 Nc6 3. g3 g6 4. Bg2 Bg7 5. d3 e6 6. Be3 d6 7. Qd2 Nge7 8. Nge2
Nd4 9. O-O O-O 10. Nd1 Rb8 11. c3 Nxe2+ 12. Qxe2 b6 13. d4 Bb7 14. Re1 Re8 15.
Qd2 Nc6 16. b4 cxb4 17. cxb4 Ne7 18. Nc3 Qd7 19. b5 f5 20. Bg5 Kh8 21. Bxe7
Rxe7 22. Rad1 Rc8 23. a4 Rc4 24. Qe3 Qc8 25. Rd3 Rec7 26. exf5 Bxg2 27. Kxg2
Rxc3 28. fxe6 Rxd3 29. Qxd3 d5 30. Qf3 Qd8 31. Qf4 Re7 32. Qc1 Bxd4 33. Qc6 Bf6
34. Rc1 d4 35. Qc8 Re8 36. Qb7 Qa8 37. Qc6 Rc8 38. Qxa8 Rxa8 39. Rc6 0-1

[Event "IX Festival A"]
[Site "Nichelino ITA"]
[Date "2008.10.02"]
[Round "1"]
[White "Gussone, Claudio"]
[Black "Fortino, Fabrizio"]
[Result "0-1"]
[WhiteElo "1829"]
[BlackElo "2051"]
[PlyCount "70"]
[EventDate "2008.10.02"]

1. d4 Nf6 2. c4 g6 3. Nf3 Bg7 4. g3 O-O 5. Bg2 d6 6. O-O c6 7. Nc3 Nbd7 8. e4
e5 9. dxe5 dxe5 10. Qe2 Qc7 11. Be3 Re8 12. h3 Nf8 13. Rfd1 Ne6 14. c5 b6 15.
Nd5 cxd5 16. cxb6 axb6 17. exd5 Nxd5 18. Rxd5 Bb7 19. Rd2 Nd4 20. Qd1 Rad8 21.
Nxd4 exd4 22. Bf4 Qd7 23. Rc1 Bxg2 24. Kxg2 Qd5+ 25. Kh2 Ra8 26. b3 b5 27. Rdc2
d3 28. Rc5 Qe4 29. Qd2 Qe2 30. Qxe2 dxe2 31. Be3 Rxa2 32. Rc8 Rf8 33. Kg2 f5
34. Kf3 e1=N+ 35. Rxe1 Rxc8 0-1

[Event "IX Festival A"]
[Site "Nichelino ITA"]
[Date "2008.10.02"]
[Round "1"]
[White "Marguati, Massimiano"]
[Black "Formento, Paolo"]
[Result "1-0"]
[WhiteElo "2004"]
[BlackElo "1794"]
[PlyCount "137"]
[EventDate "2008.10.02"]

1. d4 d5 2. c4 e6 3. Nc3 Nf6 4. cxd5 exd5 5. Bg5 Be7 6. e3 O-O 7. Bd3 c6 8. Qc2
h6 9. Bh4 Re8 10. Nge2 Nbd7 11. O-O Nf8 12. f3 Be6 13. Bf2 Qd7 14. a3 Rec8 15.
b4 Ne8 16. e4 Nc7 17. e5 Nb5 18. Na4 b6 19. f4 f5 20. Ng3 g6 21. Nb2 Bh4 22. a4
Bxg3 23. hxg3 Nc7 24. Rac1 Ne8 25. Qd2 Nh7 26. g4 Ng7 27. Bh4 Qf7 28. g5 h5 29.
Rc3 Bd7 30. Bf2 Ne6 31. Rfc1 Nd8 32. Bb1 Qe6 33. Ba2 Kf8 34. Nd1 Rab8 35. Bb3
b5 36. axb5 Rxb5 37. Rc5 a6 38. Rxb5 axb5 39. Qa2 Be8 40. Ne3 Qd7 41. Qa6 Qb7
42. Qxb7 Nxb7 43. Nxd5 Ra8 44. Nc7 Ra3 45. Rc3 Nd8 46. Nxe8 Ra1+ 47. Kh2 Kxe8
48. d5 cxd5 49. Bxd5 Rb1 50. Bc5 Nf8 51. Ra3 Nd7 52. Ra5 Nxc5 53. bxc5 b4 54.
Rb5 Kd7 55. Rb6 Kc7 56. Rxg6 b3 57. Rb6 b2 58. Kg3 Rd1 59. Ba2 Nb7 60. Rxb2
Nxc5 61. Rc2 Kb6 62. Bf7 Ne4+ 63. Kf3 Rf1+ 64. Ke3 Re1+ 65. Re2 Rh1 66. g6 Ra1
67. Rb2+ Kc5 68. g3 Ra3+ 69. Rb3 1-0

[Event "IX Festival A"]
[Site "Nichelino ITA"]
[Date "2008.10.02"]
[Round "1"]
[White "Matta, Francesca"]
[Black "Pulito, Alberto"]
[Result "0-1"]
[WhiteElo "1931"]
[BlackElo "2254"]
[PlyCount "64"]
[EventDate "2008.10.02"]

1. c4 e6 2. Nc3 d5 3. Qa4+ c6 4. e3 Nf6 5. Nf3 Be7 6. Be2 dxc4 7. Qxc4 b5 8.
Qb3 a6 9. d4 c5 10. O-O c4 11. Qc2 Bb7 12. Nd2 O-O 13. Rd1 Nc6 14. f3 Qb6 15.
Nde4 Nd5 16. Bf1 Rfd8 17. Qf2 f5 18. Ng3 Bf6 19. Nh5 Be7 20. Qg3 g6 21. Nf4
Nxf4 22. Qxf4 Bf6 23. Bd2 e5 24. dxe5 Bxe5 25. Qh4 f4 26. Qf2 Nb4 27. Bc1 Bxc3
28. Rxd8+ Rxd8 29. bxc3 Nd3 30. Bxd3 Rxd3 31. Bb2 fxe3 32. Qe1 e2+ 0-1

[Event "IX Festival A"]
[Site "Nichelino ITA"]
[Date "2008.10.02"]
[Round "1"]
[White "Medaglia, Enzo"]
[Black "Marguerettaz, Davy"]
[Result "0-1"]
[WhiteElo "1794"]
[BlackElo "2020"]
[PlyCount "62"]
[EventDate "2008.10.02"]

1. e4 c5 2. Nf3 Nc6 3. c3 d5 4. exd5 Qxd5 5. Be2 e5 6. d3 Bf5 7. O-O O-O-O 8.
Ng5 f6 9. Bf3 Qd7 10. Ne4 c4 11. Qa4 cxd3 12. Be3 Kb8 13. b4 Nd4 14. Qd1 Nc2
15. Nbd2 Nxa1 16. Qxa1 Bxe4 17. Nxe4 f5 18. Nd2 e4 19. Bd1 Bd6 20. Bb3 Nf6 21.
a4 f4 22. Bd4 e3 23. fxe3 fxe3 24. Bxe3 Bxh2+ 25. Kh1 Rhf8 26. Bd4 Bg3 27. Rf3
Qg4 28. Be6 Qxe6 29. Rxg3 Ng4 30. Qg1 Rxd4 31. Qxd4 Qe1+ 0-1

[Event "IX Festival A"]
[Site "Nichelino ITA"]
[Date "2008.10.02"]
[Round "1"]
[White "Nardelli, Marco"]
[Black "Razzano, Lorenzo"]
[Result "1-0"]
[WhiteElo "2132"]
[BlackElo "1899"]
[PlyCount "103"]
[EventDate "2008.10.02"]

1. e4 Nc6 2. Nf3 d6 3. Bc4 Nf6 4. d3 g6 5. h3 Bg7 6. c3 e5 7. O-O O-O 8. Re1 h6
9. d4 Qe7 10. Nbd2 Nh5 11. Nf1 Nd8 12. Ne3 c6 13. Ng4 Bxg4 14. hxg4 Nf6 15. g5
hxg5 16. Nxg5 b5 17. Bb3 a5 18. a3 Qd7 19. dxe5 dxe5 20. Qxd7 Nxd7 21. Be3 Nb7
22. Rad1 Ndc5 23. Ba2 Bf6 24. Bxc5 Nxc5 25. Rd6 Kg7 26. Nxf7 Rxf7 27. Bxf7 Kxf7
28. Rxc6 Nd3 29. Re3 Nf4 30. g3 Nh3+ 31. Kg2 Ng5 32. f4 exf4 33. gxf4 Ne6 34.
f5 gxf5 35. exf5 Nf4+ 36. Kf3 Nd5 37. Rd3 Ne7 38. Rc7 b4 39. axb4 axb4 40. cxb4
Bxb2 41. b5 Rb8 42. Rb3 Bd4 43. Ke4 Bb6 44. Rd7 Ke8 45. Rd6 Bc7 46. Rh6 Rb7 47.
Rh8+ Kf7 48. Rh7+ Kf6 49. Rc3 Nxf5 50. Rhxc7 Rxb5 51. R7c6+ Ke7 52. R6c5 1-0

[Event "IX Festival A"]
[Site "Nichelino ITA"]
[Date "2008.10.02"]
[Round "1"]
[White "Parodi, Alessandro"]
[Black "Melone, Antonio"]
[Result "1-0"]
[WhiteElo "2074"]
[BlackElo "1848"]
[PlyCount "43"]
[EventDate "2008.10.02"]

1. d4 Nf6 2. c4 c5 3. d5 d6 4. Nc3 g6 5. e4 Bg7 6. f3 O-O 7. Be3 e6 8. Qd2 exd5
9. cxd5 a6 10. a4 Nbd7 11. Nge2 Re8 12. Nc1 Rb8 13. Be2 Qc7 14. O-O b6 15. Kh1
c4 16. b4 Bb7 17. Bd4 Nh5 18. f4 Bxd4 19. Qxd4 Ng7 20. f5 Ne5 21. f6 a5 22. Nb5
1-0

[Event "IX Festival A"]
[Site "Nichelino ITA"]
[Date "2008.10.02"]
[Round "1"]
[White "Pettarini, Renato"]
[Black "Davi, Alessandro"]
[Result "0-1"]
[WhiteElo "1761"]
[BlackElo "1999"]
[PlyCount "84"]
[EventDate "2008.10.02"]

1. c4 c6 2. Nf3 d5 3. e3 g6 4. Nc3 Bg7 5. d4 Nf6 6. b3 O-O 7. Be2 c5 8. cxd5
Nxd5 9. Nxd5 Qxd5 10. Bb2 Nc6 11. O-O Rd8 12. Bc4 Qf5 13. Qe2 cxd4 14. Nxd4
Nxd4 15. exd4 e6 16. Rfd1 a6 17. Bd3 Qa5 18. Be4 Ra7 19. a3 b5 20. b4 Qb6 21.
d5 Bxb2 22. Qxb2 Rad7 23. Bf3 exd5 24. Rd4 Rd6 25. Rad1 Be6 26. Qb3 Qc6 27. h3
R8d7 28. R1d2 Qc1+ 29. Kh2 Rc7 30. R2d3 Qe1 31. Qb2 Qe5+ 32. g3 Rc4 33. Qd2
Rxd4 34. Rxd4 Kg7 35. Bg2 h5 36. f4 Qf5 37. h4 Rc6 38. Qd3 Rc2 39. Qxf5 Bxf5
40. Kg1 Rc3 41. Rxd5 Rxg3 42. Kf2 Rxa3 0-1

[Event "IX Festival A"]
[Site "Nichelino ITA"]
[Date "2008.10.02"]
[Round "1"]
[White "Sattanino, Andrea"]
[Black "Fassio, Luca"]
[Result "0-1"]
[WhiteElo "1853"]
[BlackElo "2081"]
[PlyCount "50"]
[EventDate "2008.10.02"]

1. d4 g6 2. c4 Bg7 3. Nc3 d6 4. e4 Nf6 5. f3 O-O 6. Be3 b6 7. Qd2 c5 8. d5 e6
9. Nge2 exd5 10. cxd5 Ba6 11. g4 Nbd7 12. Kf2 Ne5 13. b3 Nfxg4+ 14. fxg4 Qf6+
15. Nf4 Bxf1 16. Rhxf1 Nxg4+ 17. Kg3 Nxe3 18. Qxe3 Qxc3 19. Rae1 Qxe3+ 20. Rxe3
Rae8 21. Rfe1 Re7 22. Nd3 Rfe8 23. Kf3 Bc3 24. Rf1 f5 25. Nf2 Bd4 0-1

[Event "IX Festival A"]
[Site "Nichelino ITA"]
[Date "2008.10.02"]
[Round "1"]
[White "Sorgi, Paolo"]
[Black "Barcellona, Antonino"]
[Result "1-0"]
[WhiteElo "1942"]
[BlackElo "1498"]
[PlyCount "67"]
[EventDate "2008.10.02"]

1. Nf3 d5 2. d4 Nf6 3. c4 c6 4. g3 e6 5. Bg2 Nbd7 6. O-O Bd6 7. Qc2 O-O 8. Nbd2
Re8 9. Rd1 h6 10. e4 dxe4 11. Nxe4 Nxe4 12. Qxe4 Nf6 13. Qc2 Qe7 14. Ne5 Nd7
15. Qe2 Bxe5 16. dxe5 Qc5 17. Re1 Nb6 18. b3 Bd7 19. Qg4 Kf8 20. a4 Qe7 21. a5
Nc8 22. a6 bxa6 23. Ba3 c5 24. Bxa8 f5 25. exf6 Qxf6 26. Bxc5+ Kg8 27. Be4 Nb6
28. Qg6 Qxg6 29. Bxg6 Rc8 30. Bd4 Rc6 31. Be5 Nc8 32. Rad1 Ne7 33. Be4 Rc5 34.
Bd6 1-0

[Event "IX Festival A"]
[Site "Nichelino ITA"]
[Date "2008.10.02"]
[Round "1"]
[White "Topczewski, Damian"]
[Black "Ferrario, Enrico"]
[Result "1-0"]
[WhiteElo "1506"]
[BlackElo "1946"]
[PlyCount "63"]
[EventDate "2008.10.02"]

1. e4 d6 2. d4 Nf6 3. Bd3 Nc6 4. Ne2 g6 5. O-O Nb4 6. c3 Nxd3 7. Qxd3 Bg7 8. f4
O-O 9. Ng3 c5 10. Na3 a6 11. Kh1 b5 12. Be3 Qc7 13. Bg1 Bd7 14. Rac1 Rac8 15.
Nc2 c4 16. Qe2 Bg4 17. Qe1 h5 18. Ne3 h4 19. Nxg4 Nxg4 20. Ne2 f5 21. h3 Nh6
22. e5 Kh7 23. Qxh4 Rh8 24. Bh2 Bf8 25. Ng1 Kg7 26. Qg3 Nf7 27. Nf3 e6 28. exd6
Nxd6 29. Ng5 Re8 30. Rfe1 Qb7 31. Nxe6+ Rxe6 32. Rxe6 1-0

[Event "IX Festival A"]
[Site "Nichelino ITA"]
[Date "2008.10.02"]
[Round "1"]
[White "Torrione, William"]
[Black "Giacchino, Claudio"]
[Result "1/2-1/2"]
[WhiteElo "1972"]
[BlackElo "1582"]
[PlyCount "116"]
[EventDate "2008.10.02"]

1. d4 d5 2. c4 e6 3. g3 Nf6 4. Bg2 Be7 5. Nf3 O-O 6. Nbd2 c6 7. O-O Nbd7 8. Qc2
dxc4 9. Nxc4 Nd5 10. e4 N5b6 11. b3 g6 12. Bf4 Nxc4 13. bxc4 Nf6 14. e5 Nh5 15.
Be3 Qc7 16. c5 Ng7 17. Nd2 Nf5 18. Qd3 Nxe3 19. Qxe3 Rb8 20. Ne4 Qd8 21. f4 b6
22. g4 Bd7 23. g5 Kg7 24. Qh3 Kh8 25. Rf3 Rg8 26. Qg4 bxc5 27. dxc5 Be8 28. Nd6
Qa5 29. Rc1 Qxa2 30. Rh3 Rg7 31. Nxe8 Rxe8 32. Bxc6 Rd8 33. Qf3 Qd2 34. Rc3 Rd4
35. Qe3 Qxe3+ 36. Rhxe3 Rxf4 37. Bb7 Bd8 38. Red3 Rg8 39. c6 Bc7 40. Rd7 Bxe5
41. Rc2 Rg4+ 42. Rg2 Rc4 43. Rxf7 Rd8 44. Re2 Rd1+ 45. Kg2 Rg4+ 46. Kh3 Rxg5
47. c7 Rd3+ 48. Kh4 Rh5+ 49. Kg4 Rd4+ 50. Re4 Rxe4+ 51. Bxe4 Bxc7 52. Rxc7 Rxh2
53. Rxa7 Rf2 54. Re7 Kg8 55. Kg5 Rf7 56. Rxe6 Kg7 57. Ra6 Rc7 58. Bd5 Rd7
1/2-1/2

[Event "IX Festival A"]
[Site "Nichelino ITA"]
[Date "2008.10.02"]
[Round "1"]
[White "Vallejo Pons, Francisco"]
[Black "Cacinschi, Alexandru"]
[Result "1-0"]
[WhiteElo "2664"]
[BlackElo "1939"]
[PlyCount "55"]
[EventDate "2008.10.02"]

1. Nf3 Nf6 2. c4 c5 3. Nc3 Nc6 4. d4 cxd4 5. Nxd4 Qb6 6. Nb3 e6 7. a3 a6 8. e4
d6 9. Be3 Qc7 10. Rc1 Ne5 11. Be2 Be7 12. O-O O-O 13. Nd2 Bd7 14. f3 Rfc8 15.
Kh1 Qb8 16. Na4 Bxa4 17. Qxa4 h6 18. Qb3 Nfd7 19. f4 Ng6 20. Bh5 Nc5 21. Qd1
Nd3 22. Rc3 Nc5 23. Bxg6 fxg6 24. Qg4 Bf6 25. e5 dxe5 26. Bxc5 Rxc5 27. Ne4 Rc7
28. fxe5 1-0

[Event "IX Festival A"]
[Site "Nichelino ITA"]
[Date "2008.10.03"]
[Round "2"]
[White "Angioni, Gian Carlo"]
[Black "Torrione, William"]
[Result "1/2-1/2"]
[WhiteElo "1853"]
[BlackElo "1972"]
[PlyCount "85"]
[EventDate "2008.10.02"]

1. e4 e5 2. Bc4 Nf6 3. d3 c6 4. Bb3 d5 5. exd5 cxd5 6. Bg5 Be7 7. h3 O-O 8. Nf3
Nc6 9. O-O Bf5 10. Nh4 Be6 11. Nf3 Nd7 12. Bxe7 Qxe7 13. Re1 f6 14. c3 Qd6 15.
Nbd2 Nc5 16. Bc2 d4 17. Ne4 Nxe4 18. dxe4 Rfd8 19. cxd4 Nxd4 20. Nxd4 Qxd4 21.
Qxd4 Rxd4 22. Red1 Rad8 23. Rxd4 Rxd4 24. a3 Rd2 25. Rc1 Kf7 26. b3 Ke7 27. Kf1
Kd7 28. Ke1 Rd4 29. Rd1 Rxd1+ 30. Kxd1 Kc6 31. Kd2 Kc5 32. Kc3 a5 33. b4+ Kb6
34. Bb3 axb4+ 35. Kxb4 Bxb3 36. Kxb3 Kc5 37. Kc3 b5 38. h4 h5 39. f3 g5 40. g3
gxh4 41. gxh4 Kc6 42. Kd3 Kb6 43. Kc2 1/2-1/2

[Event "IX Festival A"]
[Site "Nichelino ITA"]
[Date "2008.10.03"]
[Round "2"]
[White "Barcellona, Antonino"]
[Black "Sattanino, Andrea"]
[Result "1/2-1/2"]
[WhiteElo "1498"]
[BlackElo "1853"]
[PlyCount "148"]
[EventDate "2008.10.02"]

1. e4 e5 2. Nf3 Nf6 3. d4 Nxe4 4. dxe5 d5 5. Bd3 Bf5 6. O-O Bc5 7. Bxe4 Bxe4 8.
Nc3 Bxf3 9. Qxf3 c6 10. Qg4 g6 11. Bh6 Nd7 12. Rfe1 Nf8 13. Bxf8 Rxf8 14. e6
Qf6 15. Re2 Be7 16. exf7+ Kxf7 17. Rae1 Kg8 18. Qe6+ Qxe6 19. Rxe6 Bc5 20. R1e2
a6 21. Na4 Ba7 22. b3 Rf7 23. Kf1 Raf8 24. f3 Rf6 25. Re7 R6f7 26. Nb2 Rxe7 27.
Rxe7 Rf7 28. Re6 Kf8 29. Nd3 Re7 30. Rxe7 Kxe7 31. g4 Kf6 32. Kg2 c5 33. f4 c4
34. Nb4 Ke6 35. bxc4 dxc4 36. a4 Be3 37. Kf3 Bc1 38. Ke4 Bb2 39. f5+ gxf5+ 40.
gxf5+ Kf7 41. Nd5 b5 42. axb5 axb5 43. Ne3 h5 44. Kd5 Kf6 45. Ke4 Kf7 46. Nd5
h4 47. h3 Kf8 48. Kf4 Kf7 49. Kg5 Bf6+ 50. Kf4 Bd8 51. Ke5 Be7 52. Kd4 Ba3 53.
Nc7 Bb2+ 54. Kd5 Kf6 55. Nxb5 Kxf5 56. Nd6+ Kf4 57. Nxc4 Bg7 58. Nd6 Bf8 59. c4
Kg3 60. c5 Kxh3 61. c6 Bxd6 62. Kxd6 Kg2 63. c7 h3 64. c8=Q h2 65. Qg4+ Kh1 66.
Qe4+ Kg1 67. Qe3+ Kg2 68. Qe2+ Kg1 69. Qg4+ Kh1 70. Qh3 Kg1 71. Qe3+ Kg2 72.
Qe2+ Kg1 73. Qg4+ Kh1 74. Qh3 Kg1 1/2-1/2

[Event "IX Festival A"]
[Site "Nichelino ITA"]
[Date "2008.10.03"]
[Round "2"]
[White "Cacinschi, Alexandru"]
[Black "Ferrario, Enrico"]
[Result "0-1"]
[WhiteElo "1939"]
[BlackElo "1946"]
[PlyCount "102"]
[EventDate "2008.10.02"]

1. c4 Nf6 2. Nf3 g6 3. Nc3 Bg7 4. g3 O-O 5. Bg2 c5 6. O-O Nc6 7. d3 a6 8. e4 d6
9. h3 Rb8 10. Be3 Bd7 11. d4 cxd4 12. Nxd4 Nxd4 13. Bxd4 Qc8 14. Bxf6 Bxf6 15.
Nd5 Bxh3 16. Nxf6+ exf6 17. Bxh3 Qxh3 18. Qxd6 Qe6 19. Qxe6 fxe6 20. Rad1 Rfd8
21. f3 Kf7 22. Kf2 Ke7 23. Ke2 Rbc8 24. Rxd8 Kxd8 25. Kd3 Rc5 26. Rh1 h5 27. b4
Rg5 28. Rh3 e5 29. c5 Kc7 30. Kc4 f5 31. Kd5 f4 32. gxf4 exf4+ 33. Ke6 Rg3 34.
Rh2 Rxf3 35. e5 Re3 36. Kf6 Kd7 37. Rf2 f3 38. Kxg6 h4 39. Kg5 Rxe5+ 40. Kf4
Re7 41. Rd2+ Kc6 42. Kxf3 Rd7 43. Re2 Rd3+ 44. Kg2 Ra3 45. Re6+ Kd7 46. Rb6 Kc7
47. Kh2 Rxa2+ 48. Kh3 Rb2 49. Kxh4 a5 50. b5 a4 51. Rf6 Rxb5 0-1

[Event "IX Festival A"]
[Site "Nichelino ITA"]
[Date "2008.10.03"]
[Round "2"]
[White "Crepaldi, Manuele"]
[Black "Gussone, Claudio"]
[Result "1-0"]
[WhiteElo "1817"]
[BlackElo "1829"]
[PlyCount "78"]
[EventDate "2008.10.02"]

1. d4 d6 2. c4 Nf6 3. Nc3 g6 4. e4 Bg7 5. f3 O-O 6. Be3 e5 7. d5 Nh5 8. g4 Nf4
9. Nge2 Bh6 10. Nxf4 exf4 11. Bd4 Bg7 12. h4 Nd7 13. Bxg7 Kxg7 14. Qd4+ Qf6 15.
Qxf6+ Nxf6 16. Nb5 Ne8 17. g5 Bd7 18. Nd4 f6 19. O-O-O Kg8 20. Bh3 Bxh3 21.
Rxh3 Ng7 22. Rh2 Rae8 23. gxf6 Rxf6 24. Nb5 Rf7 25. Rc2 a6 26. Nd4 Re5 27. c5
dxc5 28. Rxc5 Rh5 29. Re1 Re7 30. Kd2 Rxh4 31. e5 Rh5 32. d6 cxd6 33. Rc8+ Kf7
34. exd6 Rd7 35. Rc7 Rxc7 36. dxc7 Rc5 37. Rc1 Rxc7 38. Rxc7+ Kf6 39. Rc4 h5
1-0

[Event "IX Festival A"]
[Site "Nichelino ITA"]
[Date "2008.10.03"]
[Round "2"]
[White "D'Amato, Piergiorgio"]
[Black "Medaglia, Enzo"]
[Result "1-0"]
[WhiteElo "1925"]
[BlackElo "1794"]
[PlyCount "97"]
[EventDate "2008.10.02"]

1. e4 c5 2. Nf3 e6 3. d4 cxd4 4. Nxd4 Nc6 5. Be2 Nf6 6. Bf3 Be7 7. O-O Ne5 8.
Nc3 Nxf3+ 9. Qxf3 O-O 10. Be3 a6 11. e5 Ne8 12. Rad1 Qc7 13. Qg3 b5 14. f4 f5
15. exf6 Bxf6 16. Ne4 Bb7 17. Nxf6+ Nxf6 18. c3 Ne4 19. Qe1 Bd5 20. f5 e5 21.
Nb3 Bb7 22. Nd2 Nc5 23. Qg3 d6 24. Nb3 Ne4 25. Qg4 Kh8 26. Nd2 Nf6 27. Qg5 Qf7
28. Nf3 Ne4 29. Qh4 Rad8 30. Nxe5 Qf6 31. Qxf6 gxf6 32. Nf3 h5 33. Nh4 Kh7 34.
Ng6 Rg8 35. Rf4 Rxg6 36. fxg6+ Kxg6 37. Rdf1 d5 38. Bd4 Rf8 39. Rf5 Bc6 40. h3
b4 41. g4 hxg4 42. hxg4 Bd7 43. Rxd5 Bxg4 44. Rf4 f5 45. Rd7 Kg5 46. Rf1 bxc3
47. Rg7+ Kh6 48. Rxg4 c2 49. Rg2 1-0

[Event "IX Festival A"]
[Site "Nichelino ITA"]
[Date "2008.10.03"]
[Round "2"]
[White "Davi, Alessandro"]
[Black "Damia, Angelo"]
[Result "0-1"]
[WhiteElo "1999"]
[BlackElo "2221"]
[PlyCount "72"]
[EventDate "2008.10.02"]

1. d4 d5 2. c4 e5 3. Nf3 e4 4. Nfd2 c6 5. e3 f5 6. Nc3 Nf6 7. Qb3 Na6 8. cxd5
cxd5 9. Bb5+ Kf7 10. O-O Nc7 11. Be2 Bd6 12. f3 Kg6 13. fxe4 fxe4 14. Ndxe4
dxe4 15. Nxe4 Ne6 16. Bd3 Kf7 17. Ng5+ Ke7 18. e4 h6 19. Nxe6 Bxe6 20. Qxb7+
Qc7 21. Qxc7+ Bxc7 22. d5 Bd7 23. b3 Bb6+ 24. Kh1 Ng4 25. Ba3+ Kd8 26. e5 Nxe5
27. Ba6 Bc8 28. Bb5 a6 29. Ba4 Bd7 30. Bxd7 Kxd7 31. Rae1 Rhe8 32. h3 Bd8 33.
Rf5 Bf6 34. Rc1 Rac8 35. Rff1 Rxc1 36. Rxc1 Nd3 0-1

[Event "IX Festival A"]
[Site "Nichelino ITA"]
[Date "2008.10.03"]
[Round "2"]
[White "Fassio, Luca"]
[Black "Giacomasso, Enrico"]
[Result "0-1"]
[WhiteElo "2081"]
[BlackElo "1996"]
[PlyCount "94"]
[EventDate "2008.10.02"]

1. e4 c5 2. c3 d5 3. exd5 Qxd5 4. d4 Nf6 5. Nf3 e6 6. Bd3 Nc6 7. O-O Be7 8. Be3
Ng4 9. Bf4 Nf6 10. Na3 Qd8 11. Ne5 cxd4 12. Nxc6 bxc6 13. cxd4 Qxd4 14. Qc2 Bd7
15. Be3 Qe5 16. Nc4 Qh5 17. Be2 Qg6 18. Qa4 c5 19. Qa6 O-O 20. Ne5 Qf5 21. Nxd7
Nxd7 22. Bf3 Rad8 23. Qxa7 Bf6 24. Rab1 Ne5 25. Be2 Rd5 26. Rfd1 Rfd8 27. Qa4
g5 28. Rbc1 Nd3 29. Bxd3 Rxd3 30. Rxd3 Qxd3 31. Bxc5 Bxb2 32. Rf1 Bf6 33. Qb3
Qf5 34. Qb4 Rc8 35. Be3 Qd5 36. Qb3 Qe4 37. g3 Rc3 38. Qb6 Qd5 39. a4 h5 40.
Rb1 h4 41. Qb5 Qf3 42. Bxg5 h3 43. Qe8+ Kg7 44. Bxf6+ Qxf6 45. Qa8 Qd4 46. Qb8
Qe4 47. Qb7 Qxb7 0-1

[Event "IX Festival A"]
[Site "Nichelino ITA"]
[Date "2008.10.03"]
[Round "2"]
[White "Formento, Paolo"]
[Black "Matta, Francesca"]
[Result "1/2-1/2"]
[WhiteElo "1794"]
[BlackElo "1931"]
[PlyCount "68"]
[EventDate "2008.10.02"]

1. d4 Nf6 2. c4 g6 3. Nc3 Bg7 4. Nf3 d6 5. e4 O-O 6. Be2 e5 7. O-O Na6 8. dxe5
dxe5 9. Bg5 c6 10. Qxd8 Rxd8 11. Nxe5 Re8 12. f4 Nc5 13. Bf3 Nfxe4 14. Nxe4
Nxe4 15. Bxe4 Bxe5 16. fxe5 Rxe5 17. Bf6 Rxe4 18. Rfe1 Bf5 19. Rxe4 Bxe4 20.
Re1 Re8 21. g4 h6 22. h4 Re6 23. g5 h5 24. Rd1 Re8 25. Rd7 c5 26. Re7 Rxe7 27.
Bxe7 Bd3 28. Bxc5 Bxc4 29. b3 b6 30. Be7 Bd3 31. Kf2 b5 32. b4 Bc4 33. a3 Bb3
34. Ke3 Kg7 1/2-1/2